• 首页
  • 本馆介绍
  • 公告通知
  • 最新文献
  • 馆藏检索
  • 电子资源
  • 读者导购
  • 参考咨询
  • 我的图书馆
  • 登录
  • 详细信息显示
  • 放入我的书架
  • 预约/预借图书
  • 作者相关作品
  • 分类相关作品
  • 丛书相关作品
  • 出版社相关作品

书目信息

  • 表格格式
  • 工作单格式
  • 卡片格式
题名:
恩格斯与黑格尔
    
 
作者: 姜丕之 著
分册:  
出版信息: 长春   吉林人民出版社  1985
页数: 213页
开本: 19cm
丛书名:
单 册:
中图分类: A811.63
科图分类:
主题词: 马恩著作研究--专题汇编--哲学
电子资源:
ISBN:
000 00623nam0 2200229 45
001 0185000951
005 20050317170638.3
010    @dCNY1.15
091    @a2091.72
100    @a19901005d1985 emky0chiy0121 ea
101 0  @achi
102    @aCN@b220000
105    @ay z 000yy
200 10 @a恩格斯与黑格尔@Aen ge si yu hei ge er@f姜丕之著@FJiang Pi Zhi Zhu
210    @a长春@c吉林人民出版社@d1985
215    @a213页@d19cm
606 0  @a马恩著作研究@x专题汇编@x哲学
690    @aA811.63@v3
701  0 @a姜丕之@4著
801  0 @aCN@b深圳图书馆@c20040423
801  2 @aCN@bNLC@c20040423
905    @dA811.63@e138@f1@b228464
    
    恩格斯与黑格尔/姜丕之著.-长春:吉林人民出版社,1985
    213页;19cm
    
    
    ISBN :CNY1.15
    
●
相关链接 在E读中查询图书 在五车中查询图书 在当当中查询图书 在豆瓣中查询图书


正题名:恩格斯与黑格尔     索取号:A811.63/138         预约/预借

序号 登录号 条形码 馆藏地/架位号 状态 备注
1 0228464   001981715   第一借阅区/ [索取号:A811.63/138] 在馆    
2 0228465   000958707   第一借阅区/ [索取号:A811.63/138] 在馆    
3 0228466   000958743   第一样本阅览室/ [索取号:A811.63/138] 在馆    
唐山师范学院图书馆 欢迎您!
大连网信软件有限公司© 版权所有